Keeping secret / (Record no. 59995)

MARC details
000 -LEADER
fixed length control field 00532nam a22001695a 4500
005 - DATE AND TIME OF LATEST TRANSACTION
control field 20111226164035.0
020 ## - INTERNATIONAL STANDARD BOOK NUMBER
International Standard Book Number 9781423102212
Terms of availability $ 6.50
037 ## - SOURCE OF ACQUISITION
Source of stock number/acquisition PUB
100 ## - MAIN ENTRY--PERSONAL NAME
Personal name Beechwood, Beth
245 ## - TITLE STATEMENT
Title Keeping secret /
Statement of responsibility, etc adapted by Beth Beechwood
260 ## - PUBLICATION, DISTRIBUTION, ETC. (IMPRINT)
Place of publication, distribution, etc New York
Name of publisher, distributor, etc Disney Press
Date of publication, distribution, etc 2006
270 ## - ADDRESS
Address 114 Fifth Avenue,
City New York
300 ## - PHYSICAL DESCRIPTION
Extent 124p.:
Other physical details ill.
Dimensions 20cm(pbk)
490 ## - SERIES STATEMENT
Series statement Hannah montana
-- 37620
942 ## - ADDED ENTRY ELEMENTS (KOHA)
Source of classification or shelving scheme Dewey Decimal Classification
Item type Children Books
Call number suffix BEE
Holdings
Withdrawn status Lost status Not for loan Home library Current library Date acquired Cost, normal purchase price Full call number Cost, replacement price Koha item type
    Ordered Andrews Gunj Andrews Gunj 26/12/2011 0.00 BEE 0.00 Children Books

© Delhi Public Library
Hit Counter
free hit counter